Плакирование судостроительной стали методом электродуговой наплавки с последующей холодной прокаткой; Перспективные материалы конструкционного и функционального назначения

Bibliografische gegevens
Parent link:Перспективные материалы конструкционного и функционального назначения.— 2022.— [С. 378-381]
Hoofdauteur: Стилинский Я. С.
Coauteur: Национальный исследовательский Томский политехнический университет
Andere auteurs: Чернов И. А., Пимонов А. К.
Samenvatting:Заглавие с экрана
Taal:Russisch
Gepubliceerd in: 2022
Reeks:Модификация поверхности
Onderwerpen:
Online toegang:http://earchive.tpu.ru/handle/11683/74190
Formaat: Elektronisch Hoofdstuk
KOHA link:https://koha.lib.tpu.ru/cgi-bin/koha/opac-detail.pl?biblionumber=635229

MARC

LEADER 00000naa2a2200000 4500
001 635229
005 20231102024759.0
035 |a (RuTPU)RU\TPU\conf\37075 
035 |a RU\TPU\conf\37072 
090 |a 635229 
100 |a 20221207d2022 k y0rusy50 ca 
101 0 |a rus 
102 |a RU 
105 |a y z 101zy 
135 |a drgn ---uucaa 
181 0 |a i  
182 0 |a b 
200 1 |a Плакирование судостроительной стали методом электродуговой наплавки с последующей холодной прокаткой  |f Я. С. Стилинский, И. А. Чернов, А. К. Пимонов 
203 |a Текст  |c электронный 
225 1 |a Модификация поверхности 
230 |a 1 компьютерный файл (pdf; 256 Kb) 
300 |a Заглавие с экрана 
320 |a [Библиогр.: с. 381 (6 назв.)] 
463 0 |0 (RuTPU)RU\TPU\conf\36996  |t Перспективные материалы конструкционного и функционального назначения  |o сборник научных трудов Международной научно-технической молодежной конференции, Томск, 17–21 октября 2022 г.  |f Национальный исследовательский Томский политехнический университет ; ред. кол. С. П. Буякова, Б. С. Зенин, И. Э. Васильева, Е. А. Даренская  |v [С. 378-381]  |d 2022 
610 1 |a электронный ресурс 
610 1 |a труды учёных ТПУ 
610 1 |a плакирование 
610 1 |a судостроительные стали 
610 1 |a электродуговая наплавка 
610 1 |a холодная прокатка 
610 1 |a биметаллы 
610 1 |a аддитивные технологии 
700 1 |a Стилинский  |b Я. С. 
701 1 |a Чернов  |b И. А. 
701 1 |a Пимонов  |b А. К. 
712 0 2 |a Национальный исследовательский Томский политехнический университет  |c (2009- )  |2 stltpush  |3 (RuTPU)RU\TPU\col\15902  |9 26305 
801 2 |a RU  |b 63413507  |c 20221213  |g RCR 
856 4 |u http://earchive.tpu.ru/handle/11683/74190 
942 |c BK